000 00583nam a2200241 a 4500
001 nice12345678
003 IN_TiNIC
005 20260116011921.0
008 050524s1978 dela grp 000 0 urd
020 _a
_c12
082 0 0 _a297.5
_bISL1
100 _aIslahi, Mohd Yusuf
245 _aAdaab-E-Zindagi
260 _aDelhi
_bMarkazi Maktaba Jamat-E-Islami
_c1978
300 _a375p
500 _aincludes index and biblioraphy
505 2 _aNotes
650 _aIslam-Moral Theology
700 1 _aIslahi, Mohd Yusuf
902 _bSRS
942 _cBK
999 _c4904
_d4904